Origin of the communist autocracy: Political oppsition in the Soviet state first phase 1917-1922 (Record no. 182087)

MARC details
000 -LEADER
fixed length control field 00470nam a2200169Ia 4500
008 - FIXED-LENGTH DATA ELEMENTS--GENERAL INFORMATION
fixed length control field 230917s9999||||xx |||||||||||||| ||und||
020 ## - ISBN
Price POU10
040 ## - CATALOGING SOURCE
-- 3900
Original cataloging agency VIVEKANANDA LIBRARY
041 ## - Language
-- English
082 ## - DDC NUMBER
Classification number 320.947 S16O
100 ## - MAIN ENTRY--PERSONAL NAME
Personal name Schapiro, Leonard
245 #0 - TITLE STATEMENT
Title Origin of the communist autocracy: Political oppsition in the Soviet state first phase 1917-1922
250 ## - EDITION STATEMENT
Edition statement 2nd ed.
260 ## - PUBLICATION, DISTRIBUTION, ETC. (IMPRINT)
Place of publication, distribution, etc London
Name of publisher, distributor, etc Macmillan
Date of publication, distribution, etc 1977
300 ## - PHYSICAL DESCRIPTION
Pages xxi, 397 p.
942 ## - ADDED ENTRY ELEMENTS (KOHA)
Koha item type Books
Holdings
Withdrawn status Lost status Damaged status Not for loan Location (home branch) Sublocation or collection (holding branch) Date acquired Koha issues (times borrowed) Koha full call number Accession No. Koha date last seen Koha item type
        VIVEKANANDA LIBRARY VIVEKANANDA LIBRARY 08/08/2002   320.947 S16O 36788 17/09/2023 Books
© Designed and Maintained by Vivekananda Library, MDU Rohtak